|
|
|
|
| LEADER |
00000nam a2200000 a 4500 |
| 001 |
vtls008320629 |
| 003 |
SK-MaSNL |
| 005 |
20260301074947.0 |
| 008 |
181127s1957 xo 000 slo |
| 015 |
|
|
|a SKSNBA1958/01-00061
|
| 035 |
|
|
|a SK01SNK19580012846
|
| 035 |
|
|
|a SKM000015309
|
| 040 |
|
|
|a SNK
|b slo
|c SNK
|e AACR2
|
| 041 |
1 |
|
|a slo
|
| 044 |
|
|
|a xo
|c SK
|
| 080 |
|
|
|a 582.623:630.2
|2 1981
|
| 080 |
|
|
|a 630.2:582.623
|2 1981
|
| 100 |
1 |
|
|a Krébes, Gejza
|4 aut
|9 309059
|
| 245 |
1 |
0 |
|a Výsadba rýchlorastúcich drevín - dôležitá lesnícka úloha druhej päťročnice
|c Gejza Krébes
|
| 260 |
|
|
|a Bratislava
|b Povereníctvo poľnohospodárstva a lesného hospodárstva
|c 1957
|e Trnava
|f Polygrafické závody
|
| 300 |
|
|
|a 48 s.
|c 8°
|
| 490 |
1 |
|
|a Poľnohospodárske aktuality
|v zv. 26.
|
| 500 |
|
|
|a Ilustr. Lit.
|
| 563 |
|
|
|a 3500 výtl.
|
| 650 |
0 |
7 |
|a topoľ
|2 SNKPH
|9 74780
|
| 650 |
0 |
7 |
|a vŕba
|2 SNKPH
|9 28504
|
| 650 |
0 |
7 |
|a dreviny
|2 SNKPH
|9 18801
|
| 655 |
|
7 |
|a knihy
|2 SNKPH
|9 307098
|
| 830 |
|
0 |
|a Poľnohospodárske aktuality
|9 307390
|
| 852 |
|
|
|a Slovenská národná knižnica v Martine
|b 10000
|h SD 14564
|
| 852 |
|
|
|a Slovenská národná knižnica v Martine
|b 10000
|h SD 14564 D1
|
| 958 |
|
|
|a OND
|
| 958 |
|
|
|a TL
|
| 958 |
|
|
|a RK
|
| 958 |
|
|
|a BQ
|
| 999 |
|
|
|c 648739
|d 650669
|
| 952 |
|
|
|a SNK
|b SNK
|y PREZ
|7 0
|p 17A0519390
|o snkSD 14564
|i snkKSP 3773/57
|0 0
|1 0
|4 0
|d 2006-09-06
|l 0
|r 2025-11-27 00:00:00
|w 2026-02-23
|
| 952 |
|
|
|a SNK
|b SNK
|y VYP
|7 0
|p 17A0606004
|o snkSD 14564 D1
|i snkKSP 3774/57
|0 0
|1 0
|4 0
|d 2009-01-15
|l 0
|r 2026-02-23 18:15:03
|w 2026-02-23
|